• 首页
  • 本馆介绍
  • 公告通知
  • 最新文献
  • 馆藏检索
  • 电子资源
  • 读者导购
  • 参考咨询
  • 我的图书馆
  • 登录
  • 详细信息显示
  • 放入我的书架
  • 预约/预借图书
  • 作者相关作品
  • 分类相关作品
  • 丛书相关作品
  • 出版社相关作品

书目信息

  • 表格格式
  • 工作单格式
  • 卡片格式
题名:
世界博物馆珍品大展
    
 
作者: 庄锡昌 主编
分册:  
出版信息: 上海   上海文化出版社  1998
页数: 498页
开本: 20cm
丛书名: 五角丛书
单 册:
中图分类: GK86 , K86
科图分类:
主题词: 博物馆--简介--世界 , 博物馆 , 美术--作品--鉴赏--世界 , 美术 , 文物--考古--世界
电子资源:
ISBN: 7-80511-897-3
000 00789oam2 2200289 450
001 1261777014
005 20121023153029.32
010    @a7-80511-897-3@b精装@dCNY28.00
100    @a19990127d1998 em y0chiy0110 ea
101 0  @achi
102    @aCN@b310000
105    @af z 000yy
200 1  @a世界博物馆珍品大展@Ashi jie bo wu guan zhen pin da zhan@f庄锡昌主编
210    @a上海@c上海文化出版社@d1998
215    @a498页@c图@d20cm
225 2  @a五角丛书@e豪华本
461  0 @12001 @a五角丛书
606 0  @a博物馆@x简介@y世界
606 0  @a博物馆
606 0  @a美术@x作品@x鉴赏@y世界
606 0  @a美术
606 0  @a文物@x考古@x世界
690    @aGK86@v3
690    @aK86@v4
701  0 @a庄锡昌@Azhuang xi chang@4主编
801  0 @aCN@bNLC@c20101222
905    @a10447@dK86@eJY1
    
    世界博物馆珍品大展/庄锡昌主编.-上海:上海文化出版社,1998
    498页:图;20cm.-(五角丛书:豪华本)
    
    
    ISBN 7-80511-897-3(精装):CNY28.00
    
●
相关链接 在E读中查询图书 在五车中查询图书 在当当中查询图书 在豆瓣中查询图书


正题名:世界博物馆珍品大展     索取号:K86/JY1         预约/预借

序号 登录号 条形码 馆藏地/架位号 状态 备注
1 7826713   278267135   学院路分馆/ [索取号:K86/JY1] 在馆    
唐山师范学院图书馆 欢迎您!
大连网信软件有限公司© 版权所有